000 01409cam a2200229 4500
001 ##L131076
008 050926n2005 000 0 eng u
035 _a(Sirsi) u131076
041 0 _aeng
050 _a333.332
_c18
110 1 _aUnited Kingdom
_bOffice of the Deputy Prime Minister
245 0 0 _aHomebuy
_bexpanding the opportunity to own
_bgovernment's response
260 _aLondon
_bODPM
_c2005
520 _aThe government response to the April 2005 consultation "Homebuy - expanding the opportunity to own" (see L) concludes that the Homebuy proposals will meet the objectives of making low cost home ownership simpler, fairer and more affordable and help more people achieve their home ownership aspirations. The new suite of Homebuy products will be affordable, simple and sustainable, offers value for money and forms part of a coherent agenda to create sustainable communities. The opportunity to own will be expanded to over 100,000 people by 2010.
590 _aIKA270905
650 2 4 _aAffordable housing
_96215
650 2 4 _aDCLG HOMEBUY
651 4 _aEngland
_y886-
690 _aPROPERTY-RESIDENTIAL PROPERTY-ACQUISITION AND DISPOSAL OF RESIDENTIAL PROPERTY-HOME BUYING REFORM
856 4 0 _uhttps://www.communities.gov.uk/archived/publications/housing/homebuyexpandingopportunity?view=Standard
_zView the government response free of charge at www.communities.gov.uk..
942 _n0
999 _c104629
_d104629